Reference and research book news

Detalles Bibliográficos
Formato: Electrónico Seriadas
Lenguaje:inglés
Publicado: [Portland, OR] : Reference and Research Book News
Materias:
Acceso en línea:Full text available from Research Library: 02/01/2000 to 12/31/2013

MARC

LEADER 00000nas a2200000 a 4500
001 ssj0035257
003 WaSeSS
005 20200512172242.0
006 m d
007 cr n
008 050614c19869999orubr sso 0 0eng c
010 |a  2014236616 
016 7 |a 003280396  |2 IsJJNL 
022 |y 0887-3763 
035 |a (WaSeSS)ssj0035257 
040 |a OCLCS  |b eng  |c OCLCS  |d TXJ  |d CO3  |d OCLCQ  |d OCLCF  |d NOC  |d J9U  |d LND  |d KQW  |d OCLCO  |d OCLCQ  |d WT2  |d OCLCQ  |d AU@  |d VT2  |d OCLCQ  |d WaSeSS 
042 |a pcc 
050 1 4 |a Z1035.1  |b .R439 
082 0 4 |a 028.1/2/05  |2 20 
130 0 |a Reference and research book news (Online) 
245 1 0 |a Reference and research book news  |h [electronic resource]. 
246 1 7 |a Reference & research book news 
260 |a [Portland, OR] :  |b Reference and Research Book News 
310 |a Bimonthly,  |b Feb. 2010- 
321 |a Frequency varies,  |b 1986-2009 
362 1 |a Print began with v. 1, no. 1 (spring 1986). 
506 |a License restrictions may limit access. 
538 |a Mode of access: World Wide Web. 
588 0 |a Print version record. 
650 0 |a Reference books  |v Reviews  |v Periodicals. 
650 7 |a Reference books.  |2 fast  |0 (OCoLC)fst01092370 
650 1 7 |a Ouvrage de référence.  |2 rasuqam 
655 0 |a Electronic journals. 
776 0 8 |i Print version:  |t Reference and research book news  |x 0887-3763  |w (DLC) 89649639  |w (OCoLC)13197618 
856 4 0 |z Full text available from Research Library: 02/01/2000 to 12/31/2013  |u https://search.proquest.com/publication/29579